[Event "Bucharest Grand Prix op"]
[Site "Bucharest"]
[Date "2024.03.24"]
[Round "5"]
[White "Stoyanov, Tsvetan"]
[Black "Zubcu, Vlad George"]
[Result "0-1"]
[WhiteElo "2465"]
[BlackElo "2181"]
[PlyCount "106"]
[EventDate "2024.03.23"]
[EventType "swiss (rapid)"]
[EventRounds "10"]
[EventCountry "ROU"]
[SourceTitle "CB13_2024"]
[SourceDate "2024.03.27"]
[SourceVersion "1"]
[SourceVersionDate "2024.03.27"]
[SourceQuality "1"]

1. c4 e6 2. Nc3 d5 3. e3 Nf6 4. Nf3 Be7 5. b3 0-0 6. Bb2 c5 7. cxd5 exd5 8. d4 Nc6 9. Be2 Bf5 10. 0-0 Rc8 11. dxc5 Bxc5 12. Rc1 Be7 13. Nd4 Bg6 14. Nxc6 bxc6 15. Na4 Ne4 16. Ba6 Rc7 17. Be5 Bd6 18. Qd4 Bxe5 19. Qxe5 Re8 20. Qb2 Qd6 21. Be2 h5 22. Qd4 c5 23. Qd1 h4 24. Bf3 Re5 25. Bxe4 Bxe4 26. Nc3 h3 27. Nxe4 Rxe4 28. g3 d4 29. Qf3 Re6 30. Rfd1 Qe5 31. Re1 Rce7 32. Rcd1 Rf6 33. Qa8+ Re8 34. Qb7 Qf5 35. f4 dxe3 36. Qf3 Qc2 37. Qe2 Qe4 38. Rd3 Rfe6 39. Red1 c4 40. Rd4 Qb7 41. Rxc4 Qb5 42. Rd3 Qb7 43. Rd1 Qb5 44. Rd3 Qb7 45. Rd1 g6 46. Rcd4 Kg7 47. Rd7 Qa6 48. R7d3 Kg8 49. Rc1 Rd6 50. Rcd1 Rxd3 51. Rxd3 Qc6 52. Rd1 Qe4 53. a3 Rc8 0-1

[Event "Bucharest Grand Prix op"]
[Site "Bucharest"]
[Date "2024.03.24"]
[Round "10"]
[White "Zubcu, Vlad George"]
[Black "Filip, Lucian Ioan"]
[Result "1-0"]
[WhiteElo "2181"]
[BlackElo "2359"]
[PlyCount "104"]
[EventDate "2024.03.23"]
[EventType "swiss (rapid)"]
[EventRounds "10"]
[EventCountry "ROU"]
[SourceTitle "CB13_2024"]
[SourceDate "2024.03.27"]
[SourceVersion "1"]
[SourceVersionDate "2024.03.27"]
[SourceQuality "1"]

1. e4 c5 2. Nc3 e6 3. d4 cxd4 4. Qxd4 Nc6 5. Qe3 Nf6 6. Bd2 d5 7. exd5 Nxd5 8. Nxd5 Qxd5 9. Bd3 Bc5 10. Qf3 Qxf3 11. Nxf3 Nb4 12. Bb5+ Bd7 13. Bxd7+ Kxd7 14. 0-0-0 Ke7 15. a3 Nc6 16. Rhf1 f6 17. Bc3 Rhd8 18. Nd2 Nd4 19. Rde1 Nb5 20. Ne4 b6 21. Nxc5 bxc5 22. Bd2 a6 23. Re4 Rd4 24. Rfe1 Rxe4 25. Rxe4 e5 26. Rh4 h6 27. Rg4 g5 28. Rc4 Kd6 29. Be3 Rc8 30. b4 Kd5 31. Rxc5+ Rxc5 32. Bxc5 Nxa3 33. Kb2 Nc4+ 34. Kc3 a5 35. Bf8 axb4+ 36. Kxb4 h5 37. Be7 Nd2 38. Bxf6 Ne4 39. Bd8 g4 40. c4+ Kc6 41. Bh4 Kb6 42. Bg3 Kc6 43. Bxe5 Nxf2 44. Kc3 h4 45. Bd4 Ne4+ 46. Kd3 Nd6 47. Be5 Nf7 48. Bf4 h3 49. g3 Kd7 50. Ke4 Ke6 51. c5 Nd8 52. Bc7 Nc6 1-0

[Event "Bucharest Grand Prix op"]
[Site "Bucharest"]
[Date "2024.03.23"]
[Round "4"]
[White "Zubcu, Vlad George"]
[Black "Zajic, Milan"]
[Result "0-1"]
[WhiteElo "2181"]
[BlackElo "2436"]
[PlyCount "60"]
[EventDate "2024.03.23"]
[EventType "swiss (rapid)"]
[EventRounds "10"]
[EventCountry "ROU"]
[SourceTitle "CB13_2024"]
[SourceDate "2024.03.27"]
[SourceVersion "1"]
[SourceVersionDate "2024.03.27"]
[SourceQuality "1"]

1. e4 g6 2. d4 Bg7 3. Nc3 a6 4. a4 d6 5. Nf3 Nd7 6. Bc4 e6 7. h4 h6 8. Bf4 b6 9. Qe2 Bb7 10. Bb3 Ne7 11. g4 Nf6 12. Rg1 d5 13. exd5 Nexd5 14. Be5 Nxc3 15. bxc3 Qe7 16. Nd2 Kf8 17. a5 b5 18. c4 bxc4 19. Bxc4 Nd5 20. h5 g5 21. Bb3 Nf4 22. Bxf4 gxf4 23. c3 c5 24. Rb1 cxd4 25. cxd4 Bxd4 26. Nc4 Rd8 27. Kf1 Qh4 28. Qc2 Qh3+ 29. Ke1 Bc3+ 30. Ke2 Bf3# 0-1

[Event "Bucharest Grand Prix"]
[Site "Bucharest"]
[Date "2023.04.30"]
[Round "6"]
[White "Antonica, Dragos Andrei"]
[Black "Zubcu, Vlad George"]
[Result "1-0"]
[WhiteElo "2373"]
[BlackElo "2156"]
[PlyCount "39"]
[EventDate "2023.04.29"]
[EventType "swiss (rapid)"]
[EventRounds "10"]
[EventCountry "ROU"]
[SourceTitle "CBM 213 Extra"]
[Source "ChessBase"]
[SourceDate "2023.05.31"]
[SourceVersion "1"]
[SourceVersionDate "2023.05.31"]
[SourceQuality "1"]

1. b3 d5 2. Bb2 Nf6 3. Nf3 Bg4 4. e3 Nbd7 5. h3 Bh5 6. Be2 e6 7. d3 Bd6 8. g4 Bg6 9. g5 Nh5 10. Rg1 c5 11. Nh4 Ng3 12. fxg3 Qxg5 13. Nf3 Qh6 14. h4 e5 15. Nc3 e4 16. dxe4 Bxe4 17. Nxe4 dxe4 18. Ng5 0-0 19. Qd5 Nb6 20. Qf5 1-0

[Event "EU-ch Cities&Town op"]
[Site "Tornelo INT"]
[Date "2023.01.29"]
[Round "?"]
[White "Papasimakopoulos, Alexandros"]
[Black "Zubcu, Vlad George"]
[Result "1-0"]
[WhiteElo "2334"]
[BlackElo "2156"]
[PlyCount "67"]
[EventDate "2023.01.29"]
[EventType "team-swiss"]
[EventRounds "9"]
[EventCountry "NET"]
[SourceTitle "CBM 212 Extra"]
[Source "ChessBase"]
[SourceDate "2023.03.31"]
[SourceVersion "1"]
[SourceVersionDate "2023.03.31"]
[SourceQuality "1"]
[WhiteTeam "Athens Kallithea"]
[BlackTeam "Iasi"]
[WhiteTeamCountry "GRE"]
[BlackTeamCountry "ROU"]

1. d4 Nf6 2. c4 e6 3. Nc3 Bb4 4. Qc2 0-0 5. a3 Bxc3+ 6. Qxc3 b5 7. cxb5 c6 8. Bg5 cxb5 9. e3 Bb7 10. Nf3 a6 11. Be2 h6 12. Bh4 Nc6 13. 0-0 g5 14. Bg3 Ne4 15. Qd3 f5 16. Nd2 Ne7 17. f3 Nxg3 18. hxg3 Qb6 19. a4 Bc6 20. a5 Qa7 21. Kh2 Rac8 22. e4 Ng6 23. Rac1 Qb7 24. Rc5 d6 25. Rc2 fxe4 26. fxe4 Rxf1 27. Bxf1 Kg7 28. Be2 Bd7 29. Bh5 Ne7 30. d5 Rxc2 31. Qxc2 exd5 32. Qc3+ Kh7 33. Qf6 Ng8 34. Bg6# 1-0

[Event "ROM-chT Blitz"]
[Site "Sebes"]
[Date "2022.12.04"]
[Round "8.12"]
[White "Talu, Mircea"]
[Black "Zubcu, Vlad George"]
[Result "1-0"]
[WhiteElo "2327"]
[BlackElo "2156"]
[PlyCount "63"]
[EventDate "2022.12.04"]
[EventType "team-swiss (blitz)"]
[EventRounds "8"]
[EventCountry "ROU"]
[SourceTitle "CBM 211 Extra"]
[Source "ChessBase"]
[SourceDate "2023.01.31"]
[SourceVersion "1"]
[SourceVersionDate "2023.01.31"]
[SourceQuality "1"]
[WhiteTeam "Arad Vados"]
[BlackTeam "Iasi Politehnica"]
[WhiteTeamCountry "ROU"]
[BlackTeamCountry "ROU"]

1. Nf3 d5 2. b3 Bg4 3. Bb2 Bxf3 4. gxf3 Nf6 5. e3 Nbd7 6. f4 e6 7. Rg1 g6 8. d3 Bg7 9. Nd2 0-0 10. Nf3 c5 11. Bg2 Qc7 12. Ne5 Rfd8 13. Nxd7 Rxd7 14. Be5 Qb6 15. h4 Nh5 16. Bxg7 Nxg7 17. Bf3 Qd8 18. h5 Qf6 19. hxg6 hxg6 20. Ke2 d4 21. Rh1 e5 22. fxe5 Qxe5 23. Qf1 dxe3 24. fxe3 Nf5 25. Qh3 Qg7 26. Be4 Re7 27. Bxf5 Rae8 28. Be4 f5 29. Bd5+ Kf8 30. Qh8+ Qxh8 31. Rxh8+ Kg7 32. Rxe8 1-0

[Event "ROM-chT Blitz"]
[Site "Sebes"]
[Date "2022.12.04"]
[Round "1.20"]
[White "Zubcu, Vlad George"]
[Black "Simina, Andrei Petru"]
[Result "1-0"]
[WhiteElo "2156"]
[BlackElo "1033"]
[PlyCount "115"]
[EventDate "2022.12.04"]
[EventType "team-swiss (blitz)"]
[EventRounds "8"]
[EventCountry "ROU"]
[SourceTitle "CBM 211 Extra"]
[Source "ChessBase"]
[SourceDate "2023.01.31"]
[SourceVersion "1"]
[SourceVersionDate "2023.01.31"]
[SourceQuality "1"]
[WhiteTeam "Iasi Politehnica"]
[BlackTeam "Alba Iulia Unirea III"]
[WhiteTeamCountry "ROU"]
[BlackTeamCountry "ROU"]

1. d4 d5 2. Nc3 Nf6 3. Bg5 h6 4. Bxf6 gxf6 5. e4 dxe4 6. Nxe4 Nc6 7. Nf3 Bf5 8. Nc3 e6 9. g3 Bb4 10. Bg2 Qd7 11. 0-0 0-0-0 12. Ne2 Rhe8 13. c3 Bf8 14. Nh4 Bg4 15. Qc2 Bxe2 16. Qxe2 Bg7 17. a4 e5 18. d5 Ne7 19. c4 c6 20. Rfd1 Qc7 21. Qg4+ Kb8 22. Qxg7 cxd5 23. cxd5 Rxd5 24. Bxd5 Rd8 25. Bf3 Rxd1+ 26. Rxd1 a6 27. Qxf6 Nc6 28. Bxc6 bxc6 29. Qd8+ Qxd8 30. Rxd8+ Kc7 31. Rf8 Kb6 32. b4 c5 33. bxc5+ Kxc5 34. Rxf7 Kb4 35. Rf5 e4 36. Rf4 Kxa4 37. Rxe4+ Kb5 38. f4 a5 39. f5 a4 40. f6 a3 41. f7 a2 42. f8Q a1Q+ 43. Qf1+ Qxf1+ 44. Kxf1 Kc5 45. g4 Kd5 46. Rf4 Ke5 47. Ng2 Ke6 48. h4 Ke5 49. g5 Ke6 50. gxh6 Ke7 51. h7 Ke6 52. h8Q Kd6 53. Qf6+ Kd7 54. Rd4+ Kc7 55. Qd6+ Kb7 56. Rb4+ Ka7 57. Qb6+ Ka8 58. Qb7# 1-0

[Event "ROM-chT Rapid"]
[Site "Sebes"]
[Date "2022.12.03"]
[Round "5.20"]
[White "Santimbrean, Mihnea Nicolae"]
[Black "Zubcu, Vlad George"]
[Result "0-1"]
[WhiteElo "1531"]
[BlackElo "2156"]
[PlyCount "120"]
[EventDate "2022.12.03"]
[EventType "team-swiss (rapid)"]
[EventRounds "8"]
[EventCountry "ROU"]
[SourceTitle "CBM 211 Extra"]
[Source "ChessBase"]
[SourceDate "2023.01.31"]
[SourceVersion "1"]
[SourceVersionDate "2023.01.31"]
[SourceQuality "1"]
[WhiteTeam "Family Giroc"]
[BlackTeam "Iasi Politehnica"]
[WhiteTeamCountry "ROU"]
[BlackTeamCountry "ROU"]

1. e4 c5 2. g3 g6 3. Bg2 Bg7 4. Nf3 Nc6 5. d3 d6 6. 0-0 Nf6 7. Nc3 0-0 8. Bd2 Rb8 9. Qc1 Re8 10. Bh6 Bh8 11. Re1 b5 12. Bg5 b4 13. Nd5 Nxd5 14. exd5 Ne5 15. Bf4 Ng4 16. h3 Nf6 17. Nd2 Bb7 18. Bg5 Nxd5 19. a3 bxa3 20. Rxa3 Nc7 21. Nb3 Bxg2 22. Kxg2 Ne6 23. Rxa7 Nxg5 24. Qxg5 Bf6 25. Qd5 Ra8 26. Rxa8 Qxa8 27. Qxa8 Rxa8 28. Nd2 Kf8 29. Nc4 Ra2 30. c3 d5 31. Nb6 e6 32. Nd7+ Ke7 33. Nxf6 Kxf6 34. Re2 Ra1 35. Kf3 Rb1 36. h4 h5 37. Kf4 Rf1 38. Kf3 Kf5 39. Kg2 Rb1 40. Kf3 e5 41. Kg2 Kf6 42. Kf3 Ke6 43. d4 e4+ 44. Kf4 c4 45. Kg5 Rf1 46. Kf4 Kf6 47. Ke3 Rd1 48. Rd2 Rb1 49. Kf4 Rf1 50. Ke3 Kf5 51. Ke2 Rb1 52. Ke3 Kg4 53. Ke2 f6 54. Ke3 g5 55. hxg5 fxg5 56. Ke2 h4 57. gxh4 gxh4 58. f3+ exf3+ 59. Kf2 h3 60. b3 h2 0-1

[Event "ROM-chT Rapid"]
[Site "Sebes"]
[Date "2022.12.03"]
[Round "4.24"]
[White "Zubcu, Vlad George"]
[Black "Tarciuc, Ianis Mihai"]
[Result "1-0"]
[WhiteElo "2156"]
[BlackElo "1642"]
[PlyCount "53"]
[EventDate "2022.12.03"]
[EventType "team-swiss (rapid)"]
[EventRounds "8"]
[EventCountry "ROU"]
[SourceTitle "CBM 211 Extra"]
[Source "ChessBase"]
[SourceDate "2023.01.31"]
[SourceVersion "1"]
[SourceVersionDate "2023.01.31"]
[SourceQuality "1"]
[WhiteTeam "Iasi Politehnica"]
[BlackTeam "Alba Iulia Unirea II"]
[WhiteTeamCountry "ROU"]
[BlackTeamCountry "ROU"]

1. d4 Nf6 2. Bg5 g6 3. Bxf6 exf6 4. g3 Bg7 5. Bg2 0-0 6. e3 d5 7. Ne2 Be6 8. 0-0 c6 9. b3 Nd7 10. Qd3 f5 11. c4 Nf6 12. Nbc3 Re8 13. Nf4 Qd7 14. cxd5 Nxd5 15. Ncxd5 Bxd5 16. Nxd5 cxd5 17. b4 Rac8 18. Rac1 Bf8 19. Qb3 Rxc1 20. Rxc1 Rd8 21. b5 g5 22. b6 axb6 23. Qxb6 f4 24. Qc7 fxe3 25. fxe3 Qe6 26. Rc3 Rd7 27. Qc8 1-0

[Event "Sebes Romanian Rapid op"]
[Site "Sebes"]
[Date "2022.12.02"]
[Round "8"]
[White "Sandru, Nicolae"]
[Black "Zubcu, Vlad George"]
[Result "0-1"]
[WhiteElo "1657"]
[BlackElo "2156"]
[PlyCount "58"]
[EventDate "2022.12.02"]
[EventType "swiss (rapid)"]
[EventRounds "8"]
[EventCountry "ROU"]
[SourceTitle "CBM 211 Extra"]
[Source "ChessBase"]
[SourceDate "2023.01.31"]
[SourceVersion "1"]
[SourceVersionDate "2023.01.31"]
[SourceQuality "1"]

1. d4 Nf6 2. Bf4 d6 3. e3 g6 4. h3 Bg7 5. Nd2 0-0 6. Ngf3 Nbd7 7. Be2 Re8 8. 0-0 e5 9. Bh2 e4 10. Ne1 b6 11. c4 Bb7 12. b4 Nf8 13. Rb1 h6 14. Nc2 g5 15. a4 Ng6 16. Na3 Nh4 17. c5 Bc8 18. cxd6 c6 19. b5 c5 20. dxc5 bxc5 21. Qc2 Bd7 22. Qxc5 Rc8 23. Qb4 Nd5 24. Qb3 Nc3 25. Bc4 Bxh3 26. Bxf7+ Kh8 27. Bg3 Qd7 28. gxh3 Qxh3 29. Bxh4 Ne2# 0-1

[Event "Sebes Romanian Rapid op"]
[Site "Sebes"]
[Date "2022.12.02"]
[Round "1"]
[White "Zubcu, Vlad George"]
[Black "Schmit, Andrei Marian"]
[Result "1-0"]
[WhiteElo "2156"]
[BlackElo "1323"]
[PlyCount "67"]
[EventDate "2022.12.02"]
[EventType "swiss (rapid)"]
[EventRounds "8"]
[EventCountry "ROU"]
[SourceTitle "CBM 211 Extra"]
[Source "ChessBase"]
[SourceDate "2023.01.31"]
[SourceVersion "1"]
[SourceVersionDate "2023.01.31"]
[SourceQuality "1"]

1. d4 d5 2. Nc3 Nf6 3. Bg5 e6 4. e4 Be7 5. e5 Nfd7 6. Bxe7 Qxe7 7. f4 c5 8. Nf3 Nc6 9. dxc5 Nxc5 10. Be2 0-0 11. 0-0 h6 12. a3 a6 13. b4 Nd7 14. Bd3 b5 15. Ne2 Nb6 16. c3 Nc4 17. Qc1 Qa7+ 18. Kh1 Bb7 19. Ned4 Ne7 20. Qe1 Qb8 21. a4 bxa4 22. Qe2 Nb6 23. Bc2 Nc4 24. Rxa4 Nb6 25. Raa1 Qc8 26. Rac1 Nc4 27. h4 Rd8 28. h5 Nc6 29. Qd3 Kf8 30. Qh7 Ne7 31. f5 Ne3 32. fxe6 Nxf1 33. Rxf1 fxe6 34. Qh8+ 1-0

[Event "Braila GP RO Stage 5"]
[Site "Braila"]
[Date "2022.11.06"]
[Round "7"]
[White "Zubcu, Vlad George"]
[Black "Ghimpu, Samuel Timotei"]
[Result "0-1"]
[WhiteElo "2135"]
[BlackElo "2455"]
[PlyCount "66"]
[EventDate "2022.11.05"]
[EventType "swiss (rapid)"]
[EventRounds "10"]
[EventCountry "ROU"]
[SourceTitle "EXT 2024"]
[Source "ChessBase"]
[SourceDate "2023.10.10"]
[SourceVersion "1"]
[SourceVersionDate "2023.10.10"]
[SourceQuality "1"]

1. d4 Nf6 2. Bg5 d5 3. Bxf6 gxf6 4. c4 e5 5. e3 Nc6 6. c5 a6 7. Nc3 h5 8. Be2 h4 9. Nf3 Be6 10. Qa4 e4 11. Nd2 f5 12. 0-0-0 f4 13. Ndxe4 fxe3 14. f4 Bh6 15. Qb3 Rb8 16. Nxd5 Kf8 17. Nec3 Bxf4 18. Rhf1 Bxh2 19. Bf3 Qg5 20. Kb1 Ne7 21. c6 e2 22. Bxe2 Nxd5 23. Ne4 Qe3 24. Bd3 Kg7 25. Rde1 bxc6 26. Rxe3 Rxb3 27. Ref3 Rb4 28. Ng5 Rxd4 29. Be4 Nf4 30. Rxf4 Bxf4 31. Rxf4 Rh5 32. Nxe6+ fxe6 33. Rg4+ Kf8 0-1

[Event "ROM-ch"]
[Site "Iasi"]
[Date "2021.04.24"]
[Round "8"]
[White "Zubcu, Vlad George"]
[Black "Ognean, Mihnea Ionut"]
[Result "1-0"]
[WhiteElo "2168"]
[BlackElo "2298"]
[PlyCount "73"]
[EventDate "2021.04.19"]
[EventType "swiss"]
[EventRounds "9"]
[EventCountry "ROU"]
[SourceTitle "CBM 202 Extra"]
[Source "ChessBase"]
[SourceDate "2021.07.31"]
[SourceVersion "1"]
[SourceVersionDate "2021.07.31"]
[SourceQuality "1"]

1. e4 c6 2. Nc3 d5 3. Nf3 Nf6 4. e5 Ne4 5. d4 Nxc3 6. bxc3 c5 7. Be3 c4 8. Be2 Nc6 9. 0-0 Bg4 10. Ng5 Bxe2 11. Qxe2 e6 12. f4 Be7 13. Nh3 Qa5 14. Bd2 Qa4 15. f5 Qxc2 16. f6 gxf6 17. exf6 Bd6 18. Ng5 Nd8 19. Rac1 Qg6 20. h4 h5 21. Bf4 Bf8 22. Qb2 Kd7 23. Nf3 Qxf6 24. Ne5+ Kc8 25. Bg5 Qg7 26. Bxd8 f5 27. Bg5 Bd6 28. Rce1 Kc7 29. Re2 Rhe8 30. Rb1 Rab8 31. Qb5 Bxe5 32. Rxe5 Qd7 33. Qa5+ b6 34. Qxa7+ Rb7 35. Qa3 Qd6 36. Qa4 Qc6 37. Qd1 1-0

[Event "EU-ch Online U2300 Final"]
[Site "Chess.com INT"]
[Date "2020.05.26"]
[Round "1"]
[White "Golubenko, Valentina"]
[Black "Zubcu, Vlad George"]
[Result "1-0"]
[WhiteElo "2209"]
[BlackElo "2199"]
[PlyCount "53"]
[EventDate "2020.05.26"]
[EventType "swiss"]
[EventRounds "8"]
[EventCountry "NET"]
[SourceTitle "CBM 196 Extra"]
[Source "ChessBase"]
[SourceDate "2020.07.31"]
[SourceVersion "1"]
[SourceVersionDate "2020.07.31"]
[SourceQuality "1"]

1. d4 Nf6 2. c4 e6 3. Nc3 Bb4 4. Qc2 0-0 5. Nf3 b6 6. e4 d5 7. e5 Ne4 8. Bd3 Bb7 9. 0-0 Bxc3 10. bxc3 Nd7 11. cxd5 exd5 12. Bxe4 dxe4 13. Ng5 c5 14. Nxe4 cxd4 15. cxd4 Rc8 16. Qe2 Bd5 17. Ba3 Bc4 18. Qg4 Bxf1 19. Bxf8 Nxf8 20. Rxf1 Rc6 21. Nd6 Qd7 22. Qf3 h6 23. Nxf7 Rg6 24. Nd6 Ne6 25. Qe4 Rg5 26. h4 Rh5 27. Qg4 1-0

[Event "EU-ch Online U2300 Final"]
[Site "Chess.com INT"]
[Date "2020.05.26"]
[Round "6"]
[White "Rogule, Laura"]
[Black "Zubcu, Vlad George"]
[Result "1-0"]
[WhiteElo "2297"]
[BlackElo "2199"]
[PlyCount "69"]
[EventDate "2020.05.26"]
[EventType "swiss"]
[EventRounds "8"]
[EventCountry "NET"]
[SourceTitle "CBM 196 Extra"]
[Source "ChessBase"]
[SourceDate "2020.07.31"]
[SourceVersion "1"]
[SourceVersionDate "2020.07.31"]
[SourceQuality "1"]

1. c4 e5 2. Nc3 Nc6 3. g3 g6 4. Bg2 Bg7 5. e4 Nge7 6. Nge2 d6 7. d3 0-0 8. 0-0 h6 9. f4 f5 10. Be3 Be6 11. Nd5 Qd7 12. Qd2 Kh7 13. Rae1 Rae8 14. b3 Nd4 15. fxe5 dxe5 16. Nxe7 Nxe2+ 17. Qxe2 Qxe7 18. exf5 Bxf5 19. Bxb7 Rd8 20. Be4 Bh3 21. Rxf8 Rxf8 22. Bg2 Bf5 23. Bf2 Qa3 24. h3 Rd8 25. Rd1 Qd6 26. Qe3 a5 27. g4 Bd7 28. Bg3 Re8 29. Be4 Bc6 30. Rf1 Bxe4 31. Qxe4 Rd8 32. Rf7 Qxd3 33. Qxd3 Rxd3 34. Bxe5 Rd1+ 35. Kf2 1-0

[Event "EU-ch Online U2300 Qual"]
[Site "Chess.com INT"]
[Date "2020.05.25"]
[Round "1"]
[White "Salopaa, Tero"]
[Black "Zubcu, Vlad George"]
[Result "0-1"]
[WhiteElo "2024"]
[BlackElo "2199"]
[PlyCount "112"]
[EventDate "2020.05.25"]
[EventType "swiss"]
[EventRounds "8"]
[EventCountry "NET"]
[SourceTitle "EXT 2021"]
[Source "ChessBase"]
[SourceDate "2020.10.23"]
[SourceVersion "1"]
[SourceVersionDate "2020.10.23"]
[SourceQuality "1"]

1. d4 Nf6 2. Nf3 e6 3. Bg5 b6 4. Nbd2 Bb7 5. c3 c5 6. e3 Nc6 7. Be2 Be7 8. 0-0 0-0 9. Rc1 h6 10. Bh4 d5 11. h3 Qc7 12. Bd3 Rae8 13. Bb1 e5 14. dxe5 Nxe5 15. Qc2 Nxf3+ 16. Nxf3 Ne4 17. Bg3 Bd6 18. Bxd6 Qxd6 19. Nd2 f5 20. Rcd1 Qg6 21. Nxe4 fxe4 22. Qa4 a6 23. Qd7 Bc6 24. Qc7 b5 25. b3 Re6 26. c4 dxc4 27. bxc4 Qg5 28. cxb5 Rg6 29. g3 axb5 30. Rd6 Rxd6 31. Qxd6 Rf6 32. Qd8+ Kh7 33. Qe7 Qf5 34. Kh2 b4 35. Qd8 Bb5 36. Qa8 Re6 37. g4 Qf3 38. Kg1 Bxf1 39. Kxf1 Qh1+ 40. Ke2 Qxb1 41. Qd5 Qd3+ 42. Qxd3 exd3+ 43. Kxd3 Ra6 44. Kc4 Rxa2 45. f4 Ra3 46. e4 Rc3+ 47. Kd5 b3 48. h4 b2 49. g5 b1Q 50. h5 hxg5 51. fxg5 Qd3+ 52. Ke5 Rc4 53. g6+ Kg8 54. h6 Rxe4+ 55. Kf5 Qf3+ 56. Kg5 Rg4+ 0-1

[Event "EU-ch Online U2300 Qual"]
[Site "Chess.com INT"]
[Date "2020.05.25"]
[Round "3"]
[White "Zubcu, Vlad George"]
[Black "Tomaszewski, Roman"]
[Result "1-0"]
[WhiteElo "2199"]
[BlackElo "2206"]
[PlyCount "79"]
[EventDate "2020.05.25"]
[EventType "swiss"]
[EventRounds "8"]
[EventCountry "NET"]
[SourceTitle "EXT 2021"]
[Source "ChessBase"]
[SourceDate "2020.10.23"]
[SourceVersion "1"]
[SourceVersionDate "2020.10.23"]
[SourceQuality "1"]

1. d4 d5 2. c4 c6 3. Nc3 Nf6 4. Bg5 dxc4 5. Bxf6 exf6 6. e3 Be6 7. Nf3 Nd7 8. a4 Bb4 9. Be2 a5 10. 0-0 0-0 11. Nd2 Nb6 12. Qc2 c5 13. dxc5 Bxc5 14. Rfd1 Qe7 15. Nce4 Bb4 16. Ng3 Rac8 17. Nde4 f5 18. Nc3 g6 19. Bf3 Rfd8 20. Rd4 Bc5 21. Rxd8+ Rxd8 22. Rd1 Rxd1+ 23. Qxd1 Nc8 24. Nge2 Nd6 25. Nf4 Qf6 26. Qd2 Bb4 27. h3 Qe5 28. Qc2 Bxc3 29. bxc3 b5 30. axb5 Nxb5 31. Ne2 Bd7 32. Qd2 Qd6 33. Qa2 Qc7 34. g3 a4 35. Qxa4 Nxc3 36. Qa8+ Kg7 37. Nxc3 f4 38. Nd5 Qc5 39. Qa1+ f6 40. Qxf6+ 1-0

[Event "Romania blitz online op final"]
[Site "Chess.com INT"]
[Date "2020.05.06"]
[Round "8"]
[White "Calin, Alexandru"]
[Black "Zubcu, Vlad George"]
[Result "0-1"]
[WhiteElo "2107"]
[BlackElo "2199"]
[PlyCount "62"]
[EventDate "2020.05.06"]
[EventType "swiss (blitz)"]
[EventRounds "9"]
[EventCountry "ROU"]
[SourceTitle "CBM 196 Extra"]
[Source "ChessBase"]
[SourceDate "2020.07.31"]
[SourceVersion "1"]
[SourceVersionDate "2020.07.31"]
[SourceQuality "1"]

1. d4 Nf6 2. Bg5 e6 3. e4 d5 4. e5 h6 5. Bxf6 gxf6 6. Nf3 fxe5 7. Nxe5 Bg7 8. Nc3 Nd7 9. Nf3 c5 10. Be2 cxd4 11. Nxd4 Qb6 12. Nb3 0-0 13. 0-0 Ne5 14. Qd4 Nf3+ 15. gxf3 Bxd4 16. Na4 Qb4 17. c3 Qxa4 18. Nxd4 Bd7 19. Kh1 f6 20. Rg1+ Kf7 21. f4 Rg8 22. Bh5+ Ke7 23. Rge1 Kd6 24. b4 Qa6 25. Be2 Qb6 26. a4 a5 27. Bb5 axb4 28. Bxd7 Kxd7 29. Rxe6 Qc7 30. Rae1 Qxc3 31. Re7+ Kd8 0-1

[Event "Romania blitz online op final"]
[Site "Chess.com INT"]
[Date "2020.05.06"]
[Round "6"]
[White "Ghimpu, Samuel Timotei"]
[Black "Zubcu, Vlad George"]
[Result "1-0"]
[WhiteElo "2302"]
[BlackElo "2199"]
[PlyCount "101"]
[EventDate "2020.05.06"]
[EventType "swiss (blitz)"]
[EventRounds "9"]
[EventCountry "ROU"]
[SourceTitle "CBM 196 Extra"]
[Source "ChessBase"]
[SourceDate "2020.07.31"]
[SourceVersion "1"]
[SourceVersionDate "2020.07.31"]
[SourceQuality "1"]

1. f4 d5 2. Nf3 g6 3. g3 Bg7 4. Bg2 Nf6 5. 0-0 0-0 6. d3 c5 7. Qe1 Nc6 8. e4 dxe4 9. dxe4 e5 10. Nc3 Be6 11. f5 Bc4 12. Rf2 Ng4 13. Bg5 f6 14. Rd2 Nd4 15. h3 fxg5 16. hxg4 Qf6 17. b3 Bf7 18. Rad1 h5 19. Nh2 Rad8 20. Ne2 c4 21. Kh1 cxb3 22. axb3 gxf5 23. exf5 hxg4 24. Qf2 Be6 25. Nxg4 Qxf5 26. Qxf5 Bxf5 27. Ne3 Bg6 28. Bxb7 Rd7 29. Bc6 Rd6 30. Bg2 Rfd8 31. Nc3 Rf8 32. Be4 Bh5 33. g4 Bg6 34. Bxg6 Rxg6 35. Kg2 Nf3 36. Rf2 Nh4+ 37. Kg3 Rxf2 38. Kxf2 Rf6+ 39. Ke2 Nf3 40. Ne4 Nd4+ 41. Rxd4 exd4 42. Nxf6+ Bxf6 43. Nf5 Kf7 44. Kd3 Ke6 45. Ke4 Bh8 46. Nxd4+ Kd6 47. Nf3 Bf6 48. Kf5 Bd8 49. Nxg5 Kd5 50. Ne6 Be7 51. g5 1-0

[Event "ROM-chT div-A"]
[Site "Mamaia"]
[Date "2019.09.25"]
[Round "5.5"]
[White "Zubcu, Vlad George"]
[Black "Tomescu, Vlad"]
[Result "1/2-1/2"]
[WhiteElo "2274"]
[BlackElo "2327"]
[PlyCount "35"]
[EventDate "2019.09.21"]
[EventType "team-tourn"]
[EventRounds "9"]
[EventCountry "ROU"]
[SourceTitle "EXT 2020"]
[Source "ChessBase"]
[SourceDate "2019.10.17"]
[SourceVersion "1"]
[SourceVersionDate "2019.10.17"]
[SourceQuality "1"]
[WhiteTeam "Arad University"]
[BlackTeam "Urziceni Viitorul"]
[WhiteTeamCountry "ROU"]
[BlackTeamCountry "ROU"]

1. d4 Nf6 2. c4 Nc6 3. Nf3 e6 4. g3 Bb4+ 5. Bd2 Bxd2+ 6. Nbxd2 d6 7. Bg2 0-0 8. 0-0 a5 9. a3 a4 10. Qc2 e5 11. d5 Nb8 12. Ne1 Nbd7 13. Nd3 Qe7 14. e4 b6 15. Rae1 Nc5 16. f4 Nxd3 17. Qxd3 Nd7 18. Qc3 1/2-1/2